000 02354cam a2200469 i 4500
001 19393279
003 OSt
005 20210220140516.0
008 161130t20172017paua b 001 0 eng
010 _a 2016055129
020 _a9780803660694 (pbk.)
020 _a0803660693 (pbk.)
035 _a(DNLM)101696787
040 _aDNLM/DLC
_cDLC
_erda
_dDLC
_dPHNSL
042 _apcc
050 1 0 _aRT55
_b.N764 2017
060 1 0 _aWY 18.2
082 0 0 _a610.73076
_223
100 1 _aNugent, Patricia Mary,
_d1944-
_eauthor.
240 1 0 _aFundamentals of nursing
245 1 0 _aDavis essential nursing content + practice questions Fundamentals :
_pfundamentals /
_cPatricia M. Nugent and Barbara A. Vitale,
246 1 _aDavis essential nursing content plus practice questions.
_pFundamentals
246 1 _aFundamentals
250 _aSecond ed.
260 _aPhiladelphia, PA :
_bF.A. Davis Company,
_c2017.
300 _axxiv, 923 pages :
_bcolor illustrations ;
_c28 cm
336 _atext
_2rdacontent
337 _aunmediated
_2rdamedia
338 _avolume
_2rdacarrier
500 _aPreceded by Fundamentals of nursing : content review plus practice questions / Patricia M. Nugent, Barbara A. Vitale. [2014].
504 _aIncludes bibliographical references and index.
505 0 _aSafety -- Communication, collaboration, and documentation -- Legal and ethical issues -- Health care system -- Leadership and management -- Critical thinking and the nursing process -- Evidenced-based practice -- Teaching/learning -- Medication -- Development across the life span -- Diversity and spirituality/religion -- Psychosocial health -- Grief and loss -- Physical assessment -- Pain, comfort, rest, and sleep -- Inflammation, infection, immunity, and wound care -- Mobility -- Tissue integrity and hygiene -- Oxygenation -- Nutrition -- Fluid, electrolyte, and acid-base balance -- Urinary elimination -- Bowel elimination -- Perioperative.
650 0 _aNursing
_vExaminations, questions, etc.
650 0 _aNursing
_vOutlines, syllabi, etc.
650 1 2 _aNursing Care
655 2 _aOutlines
655 2 _aExamination Questions
700 1 _aVitale, Barbara Ann,
_d1944-
_eauthor.
906 _a7
_bcbc
_corignew
_d1
_eecip
_f20
_gy-gencatlg
942 _2lcc
_cBK
999 _c503
_d503